| 000 | 00642nac a22002055a 4500 | ||
|---|---|---|---|
| 008 | 150909b xxua | 001 0 eng d | ||
| 010 | _a2004114716 | ||
| 020 | _a0324314590 | ||
| 082 | 0 | 4 |
_a658.3 _bALD _222 |
| 100 | 1 | _aAldag, Ramon J. | |
| 245 | 1 | 0 |
_aMastering management skills : _ba manager’s toolkit / _cRamon J. Aldag, Loren W. Kuzuhara. |
| 260 |
_aUnited States, OH : _bThomson/South-Western, _cc.2005. |
||
| 300 | _a(various pagings) : | ||
| 500 | _aInclude indexes. | ||
| 650 | 0 |
_aManagement. _2BUEsh |
|
| 650 | 0 |
_aPersonnel management. _2BUEsh |
|
| 651 | _2BUEsh | ||
| 653 | _bBUSADM | ||
| 700 | 1 | _aKuzuhara, Loren W. | |
| 999 |
_c1140 _d1140 |
||